000 00997nam a2200253 a 4500
001 BRCA_8781
005 20190320210416.0
008 050417s1776----sp-#######---#000-0#spa-#
041 _aspa
044 _asp
084 _aBE155
_b.R85 1776
100 1 _aRuinart, Teodorico
_921883
245 1 0 _aLas verdaderas actas de los martires
_bsacadas, revistas, y corregidas sobre muchos antiguos manuscritos con el título de Acta Primorum Martyrum Sincera et Selecta
_cpor el R.P. D. Teodorico Ruinat, Benedictino de la Congregación de S. Mauro.
260 _aMadrid
_bPor D. Joachin Ibarra
_c1776
300 _aXXXVI, 365 p. (t.1)
_c20.5 x 15 cm.
500 _aTraducidas al castellano
500 _aCon las licencias necesarias
500 _aEstado físico: presenta encuadernación en pergamino, con lomo semi desprendido
650 1 4 _aMártires
_921884
650 1 4 _aPersecución
_xHistoria
_yS. I-VII
_921885
700 1 _aIbarra, Joachin
_eImpresor
_921886
902 _aCFM
942 _2lcc
_cB
999 _c8432
_d8432